Výdavky na zdravotníctvo v krajinách OECD

Analýza vývoja a stavu výdavkov na zdravotníctvo v prepočte na obyvateľa v parite kúpnej sily, ako aj vývoj hrubého domáceho produktu na osobu v rovnakej mernej jednotke (2000-2016). Cieľ analýzy - zistiť, či reálny vývoj týchto charakteristík je podobný. Určenie relatívnej miery variability, ktorá...

Descripción completa

Guardado en:
Detalles Bibliográficos
Autor principal: Megyesiová, Silvia, 1969-
Otros Autores: Závadský, Cyril, 1971-
Formato: Capítulo de libro
Lenguaje:eslovaco
Materias:
Etiquetas: Agregar Etiqueta
Sin Etiquetas, Sea el primero en etiquetar este registro!

MARC

LEADER 00000nla a2200000 4500
001 0237876
005 20240502073839.8
041 0 |a slo 
044 |a SK 
245 1 0 |a Výdavky na zdravotníctvo v krajinách OECD  |c Silvia Megyesiová, Cyril Závadský 
520 |a Analýza vývoja a stavu výdavkov na zdravotníctvo v prepočte na obyvateľa v parite kúpnej sily, ako aj vývoj hrubého domáceho produktu na osobu v rovnakej mernej jednotke (2000-2016). Cieľ analýzy - zistiť, či reálny vývoj týchto charakteristík je podobný. Určenie relatívnej miery variability, ktorá okrem samotnej úrovne variability poskytuje aj informáciu o konvergencii resp. divergencii vo vývoji výdavkov na zdravotníctvo v krajinách OECD. 
610 2 0 |a zdravotníctvo 
610 2 0 |a financie 
610 2 0 |a výdavky 
610 2 0 |a produkt domáci hrubý 
610 2 0 |a parita sily kúpnej 
610 2 0 |a OECD 
100 1 |a Megyesiová, Silvia, 1969- 
700 1 |a Závadský, Cyril, 1971-